00302nam a2200121Ia 4500008004100000100001700041245004700058260003000105300001000135650001300145942000700158999001500165190216s9999||||xx |||||||||||||| ||und|| aRaja Raman V 0aAnalysis And Design Of Information Systems bPrentice Hall Indiac1997 a359 p aComputer cBK c8530d8530